Giúp tự học lập trình với Pascal

সংরক্ষণ করুন:
গ্রন্থ-পঞ্জীর বিবরন
প্রধান লেখক: Võ Văn Viện
বিন্যাস: গ্রন্থ
প্রকাশিত: Nxb Tổng hợp Đồng Nai 2000
ট্যাগগুলো: ট্যাগ যুক্ত করুন
কোনো ট্যাগ নেই, প্রথমজন হিসাবে ট্যাগ করুন!
Thư viện lưu trữ: Mạng thư viện Đại học Đà Nẵng
LEADER 00570nam a2200229 a 4500
001 000028883
003 850
005 20171030145630.0
008 171030s2000
020 |c 60000 
040 |a LTT 
082 0 |a 005,13  |b VO-V 
100 1 |a Võ Văn Viện 
245 0 0 |a Giúp tự học lập trình với Pascal  |c Võ Văn Viện. 
260 |b Nxb Tổng hợp Đồng Nai  |c 2000 
OWN |a LTT 
999 |a From the UDN01 
TYP |a Monograph 
TYP |a Printed language 
980 |a Mạng thư viện Đại học Đà Nẵng